Định danh và xác định đặc điểm vi khuẩn phân lập từ cá kèo bệnh xuất huyết : Luận văn tốt nghiệp Cao học. Chuyên ngành Công nghệ sinh học

Đề tài phân lập, định danh và xác định đặc điểm vi khuẩn phân lập được từ cá kèo bệnh xuất huyết bằng phương pháp sinh hóa và sinh học phân tử nhằm cung cấp thông tin làm cơ sở nghiên cứu phòng và trị bệnh cho cá kèo trong nuôi thương...

Description complète

Enregistré dans:
Détails bibliographiques
Auteur principal: Trương, Thị Anh Đào
Format: Livre
Langue:Undetermined
Publié: Cần Thơ Trường Đại học Cần Thơ 2014
Sujets:
Tags: Ajouter un tag
Pas de tags, Soyez le premier à ajouter un tag!
Thư viện lưu trữ: Trung tâm Học liệu Trường Đại học Cần Thơ
LEADER 01228nam a2200217Ia 4500
001 CTU_197418
008 210402s9999 xx 000 0 und d
082 |a 579.3 
082 |b Đ108 
088 |a 60420201 
100 |a Trương, Thị Anh Đào 
245 0 |a Định danh và xác định đặc điểm vi khuẩn phân lập từ cá kèo bệnh xuất huyết : 
245 0 |b Luận văn tốt nghiệp Cao học. Chuyên ngành Công nghệ sinh học 
245 0 |c Trương Thị Anh Đào ; Đặng Thị Hoàng Oanh (Cán bộ hướng dẫn) 
260 |a Cần Thơ 
260 |b Trường Đại học Cần Thơ 
260 |c 2014 
520 |a Đề tài phân lập, định danh và xác định đặc điểm vi khuẩn phân lập được từ cá kèo bệnh xuất huyết bằng phương pháp sinh hóa và sinh học phân tử nhằm cung cấp thông tin làm cơ sở nghiên cứu phòng và trị bệnh cho cá kèo trong nuôi thương phẩm. 
650 |a Microbiology,Vi sinh vật 
910 |a Hải 
980 |a Trung tâm Học liệu Trường Đại học Cần Thơ